Kustarno-remeslennoje proizvodstvo v dorevoljucionnoj Rossii i jego podderžka.

Medzi spoločensko-politickou situáciou koncom 19. a začiatkom 20. storočia a súčasnosťou Ruska jestvujú niektoré spoločné črty. Jednou z nich je rozvíjanie malotovarovej výroby. Zdôvodnenie významu malotovarovej výroby. Vývoj remeselnej výroby v Rusku a problémy jej rozvoja. Pomoc poskytovaná remese...

Ausführliche Beschreibung

Gespeichert in:
Bibliographische Detailangaben
1. Verfasser: Kupcov, D.
Format: Buchkapitel
Sprache:Russisch
Schlagworte:
Tags: Tag hinzufügen
Keine Tags, Fügen Sie das erste Tag hinzu!

MARC

LEADER 00000naa a2200000 4500
001 r011025
005 20221208123103.6
041 0 |a rus 
044 |a [SU] 
245 1 0 |a Kustarno-remeslennoje proizvodstvo v dorevoljucionnoj Rossii i jego podderžka.  |c D. Kupcov 
520 |a Medzi spoločensko-politickou situáciou koncom 19. a začiatkom 20. storočia a súčasnosťou Ruska jestvujú niektoré spoločné črty. Jednou z nich je rozvíjanie malotovarovej výroby. Zdôvodnenie významu malotovarovej výroby. Vývoj remeselnej výroby v Rusku a problémy jej rozvoja. Pomoc poskytovaná remeselnej výrobe zo strany správnych orgánov. Pomoc v oblasti zásobovania i odbytu. 
610 2 0 |a výroba remeselná 
610 2 0 |a dejiny hospodárske 
610 2 0 |a Rusko 
610 2 0 |a zásobovanie 
610 2 0 |a výroba-obchod 
610 2 0 |a orgány štátne 
610 2 0 |a odbyt 
100 1 |a Kupcov, D.